000 00627nam a2200181 a 4500
001 000045519
005 20210420113210.0
008 150413s2011 dr a 000 0 spa d
040 _aDO-SdBNP
_bspa
_cBNPHU
082 _axxxx
_bxxxx
100 1 _aDisla, Paula
_957511
245 1 0 _aDescubre el tesoro /
_cPaula Disla, Alba Rodríguez ; revisión Vianco Martínez ; ilustraciones Marolyn Medina.
260 _aSanto Domingo :
_bUNICEF,
_c2011.
300 _a30 p. :
_bil. ;
_c23 cm.
700 1 2 _aRodríguez, Alba
_973575
700 1 2 _aMedina, Marolyn,
_eil.
_973576
710 2 _aFondo de las Naciones Unidas para la Infancia
_99270
999 _c45008
_d45008